| 000 | 02003nam a2200361 i 4500 | ||
|---|---|---|---|
| 001 | 000013296 | ||
| 003 | DO-SdBNP | ||
| 005 | 20250416133652.0 | ||
| 007 | ta | ||
| 008 | 091123s2006 dr ac r 000 e spa d | ||
| 020 | _a9993430838 | ||
| 040 |
_aDO-SdBNP _bspa _cBNPHU _erda |
||
| 082 | 4 |
_aRD864.44 _bU26t _222 |
|
| 100 | 1 |
_aUgarte, María, _d1914- _923239 _eautora |
|
| 245 | 1 | 0 |
_aTextos literarios / _cMaría Ugarte ; edición y prólogo, Jeannette Miller. |
| 264 |
_aSanto Domingo : _bBanco Central de la República Dominicana, _c2006. |
||
| 300 |
_a391 páginas : _bilustraciones, retratos ; _c23 cm. |
||
| 336 |
_2rdacontent _atexto _btxt |
||
| 337 |
_2rdamedia _asin mediación _bn |
||
| 338 |
_2rdacarrier _avolumen _bnc |
||
| 490 |
_aBanco Central de la República Dominicana _v80 |
||
| 490 |
_aArte y Literatura _v30 |
||
| 500 | _aIncluye índice de personas, instituciones y lugares históricos | ||
| 500 | _aIncluye biografía de la autora en las paginas 538-545. | ||
| 505 | 1 |
_aPresentación -- _tPrólogo / _rJeannette Miller. Los textos de María Ugarte -- _tArtículos aparecidos en el periódico La Nación (1944) -- _tPrólogos y presentaciones de libros -- _tEntrevistas y artículos publicados en el suplemento sabatino del periódico El Caribe (1973-1986) -- _tComentarios sobre libros publicados en el suplemento sabatino del periódico El Caribe (1970-2000) -- _tReseñas aparecidas en la columna "Publicaciones recientes" del periódico El Caribe (1978-1979) -- _tSemblanzas -- _tEstampas coloniales-- _tArtículos varios-- _tBiografía-- _tÍndice de personajes, instituciones y lugares históricos. |
|
| 590 | _aInventariado, 2024/BT | ||
| 600 | 1 | 4 |
_aUgarte, María, _d1914- _xColección de escritos _930493 |
| 650 | 4 |
_aLiteratura _xEnsayos, conferencias, etc. _98705 |
|
| 650 | 4 |
_aLiteratura dominicana _xHistoria y crítica _ySiglo XX _922986 |
|
| 700 | 1 |
_aMiller, Jeannette, _d1944- _eprólogo y editora _983484 |
|
| 910 | _aValidado. Control de calidad. MMOLINA | ||
| 942 |
_2ddc _cLBS1 |
||
| 999 |
_c12926 _d12926 |
||